Silicon and beyond : advanced device models and circuit simulators /

Bibliographic Details
Other Authors: Shur, Michael, Fjeldly, Tor A.
Format: Book
Language:English
Published: Singapore ; River Edge, N.J. : World Scientific, [2000]
Series:Selected topics in electronics and systems ; v. 15.
Subjects:

MARC

Tag First Indicator Second Indicator Subfields
LEADER 00000cam a2200000Ia 4500
001 in00001563708
005 20151022083657.0
008 000726s2000 si a b 000 0 eng d
020 |a 9810242808 
035 |a (OCoLC)ocm44656646 
040 |a TEF  |c TEF  |d UtOrBLW 
049 |a TXAM 
090 |a TK7871.95  |b .S55 2000 
245 0 0 |a Silicon and beyond :  |b advanced device models and circuit simulators /  |c editors, Michael S. Shur, Tor A. Fjeldly. 
264 1 |a Singapore ;  |a River Edge, N.J. :  |b World Scientific,  |c [2000] 
264 4 |c ©2000 
300 |a ix, 176 pages :  |b illustrations ;  |c 26 cm. 
336 |a text  |b txt  |2 rdacontent 
337 |a unmediated  |b n  |2 rdamedia 
338 |a volume  |b nc  |2 rdacarrier 
490 1 |a Selected topics in electronics and systems ;  |v v. 15 
504 |a Includes bibliographical references. 
650 0 |a Metal oxide semiconductor field-effect transistors  |x Computer simulation. 
650 0 |a Silicon-on-insulator technology  |x Computer simulation. 
630 0 0 |a SPICE (Computer file) 
700 1 |a Shur, Michael. 
700 1 |a Fjeldly, Tor A. 
830 0 |a Selected topics in electronics and systems ;  |v v. 15. 
948 |a cataloged  |b h  |c 2001/5/22  |d c  |e cmulkey  |f 9:39:31 am 
994 |a E0  |b TXA 
999 |a MARS 
999 f f |s bc0b3382-fc30-34ad-9a2e-1eea3959b4aa  |i e8fdd3b0-a2cf-3d2a-a7eb-4d08f9c50eaf  |t 0 
952 f f |p ric  |a Texas A&M University  |b Rellis Campus  |c Joint Library Facility  |d Remote Storage  |t 0  |e TK7871.95 .S55 2000  |h Library of Congress classification  |i unmediated -- volume  |m A14827681688 
998 f f |a TK7871.95 .S55 2000  |t 0  |l Remote Storage